[Event "Olympiad-43"]
[Site "Batumi"]
[Date "2018.10.01"]
[Round "7.2"]
[White "Adly, Ahmed"]
[Black "Harikrishna, Pentala"]
[Result "0-1"]
[WhiteElo "2620"]
[BlackElo "2743"]
[Annotator "Ganguly, Surya Sekhar "]
[PlyCount "84"]
[EventDate "2018.09.24"]
[EventType "team-swiss"]
[EventRounds "11"]
[EventCountry "GEO"]
[SourceTitle "CBM 187"]
[Source "ChessBase"]
[SourceDate "2018.12.11"]
[SourceVersion "1"]
[SourceVersionDate "2018.12.11"]
[SourceQuality "1"]
[WhiteTeam "Egypt"]
[BlackTeam "India"]
[WhiteTeamCountry "EGY"]
[BlackTeamCountry "IND"]

1. d4 Nf6 2. Nf3 d5 3. g3 c5 4. Bg2 Nc6 5. O-O e6 6. c4 dxc4 {Hari has been
playing this line as Black in the Catalan very frequently these days. It could
not have come as a surprise to Adly yet it is astonishing to see how
immediately out of the opening he got into a completely lost position.} 7. Ne5
Bd7 8. Na3 cxd4 9. Naxc4 Be7 {Here Qb3 is the most popular move and the 2nd
most popular move is Bf4. Previously Hari had only faced Bf4 against Yu Yangi.}
10. Qb3 {Adly shows that he was prepared for this line as he kept on blitzing
is every single move until this point.} (10. Bf4 Nd5 11. Nxd7 Nxf4 12. Bxc6
bxc6 13. Nde5 {½-½ (110) Yu,Y (2751)-Harikrishna,P (2744) Huaian 2017}) 10...
Qc7 {Qc7 and Qc8 are both equally popular and considered as main moves. At the
top level Qc7 was first seen in Ivanchuk - Leko 2009. Hari took his time to
recall the lines and to choose which one to opt for.} 11. Bf4 {After 17min of
thought!! Up until 9...Be7 Hari had a game as Black even in 2017. 10.Qb3 was
blitzed out. 10....Qc7 is the very main move and then White starts to think
for 17 min without having a clue what is to be done. All I can say is 'Adly
prepared badly' :)} Nh5 12. Nxc6 Nxf4 13. Nxe7 Nxg2 {Somewhere around 2009
already these positions were well analysed (probably much further back by some
players!) and the conclusion was that Black is ok here. I remember the first
time I saw this position I was excited to see the odd placement of the knights
in the enemy camps.} 14. Qb4 $2 {That is a common problem when you enter a
complicated line without knowing anything about it. It was a slightly
unprofessional approach against such a strong player as Hari. As we will see
this casual approach will not go unpunished.} (14. Kxg2 Qc5 {I also vividly
remember that this move made a strong impression back then.} 15. Rac1 (15. Ng8
$2 {Just for pure aesthetic value it would be nice to put the knight at it's
counterparts starting square. One can just as well argue that this way White
can stop Black from short castling (it is not always we get a chance like this
after all!) but this would have been interesting if Black didn't have the
option of castling on the other side!} O-O-O $17 {Now the knight on g8 looks
really stupid}) 15... Kxe7 16. Nd2 Bc6+ $11) (14. Rac1 Qc5 15. Qxb7 Kxe7 16.
Rfd1 Rac8 {½-½ (32) Teske,H (2545)-L'Ami,E (2606) Germany 2010 Black was
fine.}) 14... a5 $1 {By the way if not this move then Black might as well
resign.} 15. Nd5 {Another 15min of thought. Hari knew Qb4 doesn't work so
there was no question of getting scared due to some discovered checks and
illusionary attack.} (15. Nd6+ Kxe7 {White's attack is nothing but an optical
illusion.} 16. Nf5+ Kf6 17. Qe7+ Kg6 (17... Kxf5 {Being so greedy however is
not advisable.} 18. Qxf7+) 18. Nxd4 (18. Nd6 Rhf8 {[%cal Gc7d8] With Qd8
coming next White is totally lost here.}) 18... Rhe8 $1 19. Qa3 e5 $19 {
½-½ (29) Ramirez,A (2577)-Yang,D (2417) Richardson 2010 Black was completely
winning but eventually the game ended in a draw.}) 15... exd5 16. Nd6+ Kf8 17.
Qa3 Kg8 $19 {Black is now safe. The knight has been happily sitting on the
white king’s lap for the last four moves and will continue enjoying the
royal facility for quite a long time.} 18. Rac1 (18. Kxg2 Ra6 {Give and take!})
18... Qb6 19. Qc5 (19. Kxg2 h5 $1 {[%cal Gh8h6,Gh5h4] A nice multipurpose move.
} (19... Ra6 $2 20. Nc8) 20. Qc5 (20. e4 {white can save the knight this way
but not the game} dxe4 21. Nxe4 h4 $19 {[%csl Rg2]}) 20... Ra6 $1 21. Qxb6 (21.
Nc8 Qe6 $19 {[%csl Rc8,Rg2]}) 21... Rxb6 22. Nc8 Rxb2 $19) 19... Qxc5 20. Rxc5
Bh3 {Now the smoke has cleared and Black is one whole piece up. Although that
piece is stuck but on the other hand it cannot be attacked. It's a matter of
time when it will eventually come out.} 21. Rfc1 (21. Rxd5 Ne3 $19) 21... h5 (
21... d3 {There is nothing wrong with Hari's move but this would have been
cleaner.} 22. exd3 h5 {Now with the e-file open the knight on g2 will come out
faster.}) 22. Rxd5 Rd8 23. Rxd4 Rh6 24. Nf5 Rxd4 25. Nxd4 Rd6 {While playing
h5 I am certain Hari had seen this position and correctly assessed this as
completely winning for him without any risk.} 26. e3 b6 {[%csl Rc5] Hari never
minds playing a long slow game as long as he keeps control. There were other
ways too but remaining in total control Hari first stops any kind of Rc5 ideas
for White and prepares to take over the c-file himself with the Rd5-Rc5 plan
next.} (26... Rb6 {is the active computer way}) 27. b3 Rd5 {Now rook is coming
to c5 and White will have to give up the file.} 28. Kh1 {A nice try to stop
Rc5 but it doesn't work} f6 {Preparing Rc5 again but this was not really
needed. Black could directly play Rc5 since White's little trap is met by
another nice counte-trap.} (28... Rc5 $1 29. Rxc5 bxc5 30. Nf3 {Was the idea
behind Kh1. Now White threatens Ng5 and Ng1 at the same time.} Bc8 $3 {or Bf5}
(30... f6 31. Ng1) 31. Kxg2 Bb7 {was the nice little trick. Now White will
comes into an eternal pin which will cost him the knight.}) 29. a4 Rc5 30. Rg1
(30. Rxc5 bxc5 31. Nf3 g5 {Was Hari's point of playing f6} 32. Ng1 g4) 30... g5
31. Rd1 Rc3 32. Kg1 Kf7 {Before taking on e3 Black first makes maximum
progress as White is totally stuck anyway.} 33. Kh1 h4 34. Rb1 hxg3 35. hxg3
Nxe3 {Finally!} 36. fxe3 Rxe3 37. Kh2 Bg4 38. Rb2 Rd3 39. Nb5 Bd1 40. b4 Bxa4
41. bxa5 bxa5 42. Nc7 Bb3 {A very clean and controlled game by Hari} 0-1

[Event "Tata Steel-B 82nd"]
[Site "Wijk aan Zee"]
[Date "2020.01.14"]
[Round "4"]
[White "Saduakassova, Dinara"]
[Black "Ganguly, Surya Shekhar"]
[Result "0-1"]
[WhiteElo "2519"]
[BlackElo "2636"]
[Annotator "Ganguly,Surya"]
[PlyCount "52"]
[EventDate "2020.01.11"]
[EventType "tourn"]
[EventRounds "13"]
[EventCountry "NED"]
[EventCategory "15"]
[SourceTitle "CBM 194"]
[Source "ChessBase"]
[SourceDate "2020.01.27"]
[SourceVersion "1"]
[SourceVersionDate "2020.01.27"]
[SourceQuality "1"]

1. d4 Nf6 2. c4 e6 3. Nf3 d5 4. g3 dxc4 5. Bg2 a6 6. O-O Nc6 7. e3 Rb8 (7...
Bd7 {is more popular and the mainline.}) 8. Nfd2 {Since Black didn't play ...
Bd7 and thus can't play ...b5, this move seems normal.} (8. Qe2 b5 {[%cal
Gc8b7] That's the point. If White plays like he does in the ...Bd7 line, then
here comes the difference, Black will put his bishop on b7 now.}) 8... e5 {
This line was first popularised by Alexander Mikhalevski back in the 90s. It
got very special attention recently when Ding used this against Grischuk in
the World Cup 2019. It is also to be noted that Ding faced this first as White
twice in 2017 against Mamedyarov in Blitz and Rapid in China and then tried
the same as Black in 2019!} 9. Bxc6+ bxc6 10. dxe5 Ng4 11. Nxc4 Be6 {This
position is pretty much forced after White played 8.Nfd2. Black is a pawn down,
but has some much more active pieces than White and potential attacking
prospects on the kingside by h5-h4. The game turns wild very quickly and a lot
of areas are yet to be explored.} 12. Nbd2 (12. Qe2 h5 13. Rd1 {was seen in
Grischuk - Ding, World Cup 2019 , where Black was doing fine.}) 12... Bb4 {
[%csl Rc4,Re5][%cal Gb4d2] This gained popularity rather recently. Smeets
played this first in 2012 and it was Gelfand who used this in a classical game
in 2019. White's e5-pawn is indirectly threatened now, since Black might
simply take on d2 on the next move when White is forced to take back with his
c4 knight.} (12... h5 {was the move twice used by Alexander Mikhalevski and
also played by Mamedyarov against Ding.}) 13. b3 (13. Qc2 h5 14. b3 {was the
move order of Jumabayev-Gelfand which transposes to the main game.}) (13. Qe2
Bxd2 {was played twice by my good friends. One time was before my game and the
other was four days after it.} 14. Bxd2 h5 15. f3 h4 16. fxg4 hxg3 17. hxg3 Qd5
18. e4 (18. Rf3 Qxc4 19. Qxc4 Bxc4 $15 {and Black was better in Deac,B (2613)
-Shankland,S (2705) Douglas 2019.}) 18... Qxc4 19. Qxc4 Bxc4 $15 {Once again
Black was pushing in Batchuluun,T (2530)-Sethuraman,S (2638), Tianjin 2020.})
13... h5 {Here White has both options Qe2 and Qc2, and in each case Black
replies in a different manner.} 14. Qc2 (14. Qe2 h4 15. Nf3 hxg3 $1 (15... f5 {
Now this is not working as the f3 knight is protected.} 16. exf6 Qxf6 17. Bb2 {
[%csl Gf3]}) 16. fxg3 Qd5 {Here this does work since 17.Bb2 is met by 17...Qe4,
while the direct 17.e4 also fails.} 17. h4 (17. Bb2 Qe4) (17. e4 Qc5+ {[%cal
Ge6c4,Gb4c3] If White moves his king, then ...Bxc4 and ....Bc3 will trap the
a1 rook.} 18. Ne3 Nxe5 $17) 17... Bc3 $132) 14... h4 15. Nf3 hxg3 {I managed
to mix up things :) This was not something that I prepared, but over the board
I was confident that this is what I saw.} (15... f5 $1 {is the way to go here.
Since the f3 knight is unprotected, White can't take 16.exf6 anymore.} 16. e4 (
16. exf6 Qxf6) 16... hxg3 17. hxg3 fxe4 18. Qxe4 Qd7 19. Qg6+ (19. Bg5 Bd5 $17
{0-1 (33) Raja,R (2369)-Aravindh,C (2609) New Delhi 2019}) 19... Kf8 {was fine
in Jumabayev,R (2630)-Gelfand,B (2686) Douglas 2019}) 16. fxg3 {Only here I
realized that after ...Qd5 White has 17.Bb2 and then he is better. However,
since I was under the impression it was all part of my preparation, I was
pretty confident that there is something for Black!} Bc5 $1 {This made a lot
of sense to me. First of all, it stops e4 which I felt White should play if he
gets a chance. It also stops all sorts of Bb2 ideas as e3 remains hanging.} (
16... Qd5 17. Bb2) 17. h4 $6 (17. Qe4 Qd5 18. Qf4 Qd3 $1 $17 {[%cal Gd3e2]}) (
17. Kg2 $1 {This was the move that bothered me a bit, but at the same time I
felt it must be scary for White to put his king on g2 allowing all kinds of ...
Rxh2+ or ...Bh3+ checks in future.} f5 {is something that I saw during the
game and gets refuted nicely by engines.} (17... Qg5 $5 {First of all even
such moves during the game might look scary specially when opponent is playing
fast and seems well prepared.} 18. e4 Qg6 19. h4 {although there is nothing to
be scared of in this particular case.}) (17... Nxh2 18. Nxh2 Qg5 $5 19. Qe2 Rh3
20. Qf3 Rd8 {is a mess for normal mortals.} 21. e4 Qg6 22. Be3 Rd3 23. Rfe1 Rh4
24. Rad1 {and White is better as per immortals}) (17... Qe7 $1 {Probably this
would be the most practical way to continue when White remains better in
theory but in a practical game, it remains unclear.}) 18. Rd1 (18. h3 Qd5)
18... Bd5 19. Qxf5 Rxh2+ 20. Kg1 Rf2 21. Nd6+ $3 {This I missed during the game
} cxd6 22. Rxd5 $1 cxd5 23. Qg6+ Ke7 24. Qxg7+ Ke8 25. Qxg4 Rxf3 26. Qxf3 $16)
17... Rh5 $1 {Since I could not make any g5 ideas work, this move felt very
nice to me. It stops Ng5 and prepares g5 for the future. It also controls the
important f5 square, thus at times both Bd5 and Bf5 could be annoying for
White.} (17... g5 {this was the absolute first line that I saw:} 18. Nxg5 Qxg5
19. hxg5 Bd5 20. Qg2 $8 {but then White has this only move and unfortuantely
that's enough to win -} Bxg2 21. Kxg2 Rh2+ 22. Kf3 {[%csl Rg4]}) (17... f5 {
Then I tried this} 18. exf6 ({Hoping for} 18. Ng5 $2 Qxg5 $1 19. hxg5 Bd5 20.
Qg2 Bxg2 21. Kxg2 Rh2+ $17 {[%csl Gg4]}) 18... Qxf6 19. Nd4 $18 {also didn't
work.}) (17... Bd5 18. Kg2 {[%cal Ge3e4]} Qg5 $3 {I saw all kinds of sacs on
g5 but missed this pretty one. It is definitely the best move in the position
but yet white keeps some advantage.} (18... g5 19. e4) 19. e4 Qg6 20. Ng5 {
Probably White is still better.}) 18. Kg2 (18. Ng5 $2 Rxg5 19. hxg5 Qxg5 $19 {
should be winning for Black.}) (18. Qe2 Qd5 (18... g5 19. Rd1 Qe7 20. Nh2 $1)
19. Nh2 Nxh2 20. Kxh2 g6 $44 {White is better as per comps, but I would think
in a practical game Black has enough compensation.}) 18... g5 $1 19. e4 $2 {
This would be a brilliant move if only Black didn't have a tactic working
which happened in the game.} (19. hxg5 Qd7 20. Nh4 {Comp calls 0.00} Bd5+ 21.
e4 Nf2 22. Rxf2 Rxh4 23. gxh4 Qg4+ 24. Kf1 {and some kind of perpetual.}) (19.
Rd1 Qe7 20. hxg5 Rd8 $1 {Exchanging White's active rook. Since the c1 bishop
is stuck, the rook on a1 is not coming into the game.} 21. Rxd8+ $8 Qxd8 {
Honestly, during the game, here I felt White is in tremendous danger if not
lost. It is good that I was playing classical chess and not correspondence
chess. Just like all roads lead to Rome, with engines on everything
essentially leads to 0.00.} 22. e4 Bxc4 23. bxc4 Qd7 24. Rb1 Nf2 25. Ng1 Ng4
26. Nf3 {is one of the zillion ways of reaching Rome.}) (19. Rh1 gxh4 20. Rxh4
Rxh4 21. Nxh4 (21. gxh4 $1 Qd7 22. e4 $1 Rb4 $44) 21... Qd5+ 22. Nf3 (22. e4
Qd4 23. Bb2 Qxc4 {is a nice trick that I was happy to spot during game.}) 22...
Rd8 $1 {I left here assuming Black is better.} (22... Nh2 23. e4 Nxf3 24. Kxf3
Qd7 {At first, I felt this should be winning for Black, but upon a closer look,
I realized I was only partly right. It is winning, but for White!} 25. Be3 $1
$16)) 19... gxh4 20. Nxh4 {Dinara was still under the impression she was doing
fine, but now it is completely lost.} (20. Bf4 {was the last chance:} hxg3 21.
Kxg3 (21. Rh1 Nh2 $17) 21... Rh8 $3 {[%cal Gh8g8]} 22. Bg5 f6 $1 23. exf6 Nxf6
24. Rh1 Rg8 {also loses but is more resilient.}) 20... Rxh4 $1 21. gxh4 Qxh4
22. Rh1 Nh2 $1 {Clearly Dinara missed this from far. If this move was not
available, then Black might as well resign.} 23. Be3 (23. Rxh2 Qg4+ 24. Kf1
Qg1+ 25. Ke2 Qxh2+ 26. Kd3 Rd8+ 27. Kc3 Bd4+ $19) 23... Qh3+ 24. Kg1 Bxc4 {
The simplest and fastest way to win.} 25. Rxh2 (25. Bxc5 Qg3+ 26. Qg2 Nf3#)
25... Qxe3+ 26. Kh1 Bd3 0-1

[Event "Olympiad-35"]
[Site "Bled"]
[Date "2002.11.01"]
[Round "7.1"]
[White "Gelfand, Boris"]
[Black "Bruzon Batista, Lazaro"]
[Result "1-0"]
[WhiteElo "2704"]
[BlackElo "2595"]
[Annotator "Gelfand,B"]
[PlyCount "47"]
[EventDate "2002.10.26"]
[EventType "team-swiss"]
[EventRounds "14"]
[EventCountry "SLO"]
[SourceTitle "CBM 092"]
[Source "ChessBase"]
[SourceDate "2003.02.06"]
[SourceVersion "1"]
[SourceVersionDate "2003.02.06"]
[SourceQuality "1"]
[WhiteTeam "Israel"]
[BlackTeam "Cuba"]
[WhiteTeamCountry "ISR"]
[BlackTeamCountry "CUB"]

1. d4 d5 2. c4 e6 3. Nf3 Nf6 4. g3 dxc4 5. Bg2 a6 6. O-O Nc6 7. e3 Bd7 8. Nc3
Bd6 9. Qe2 b5 10. e4 Be7 11. d5 Nb4 12. Ne5 exd5 13. a3 $1 $146 (13. exd5 {
-75/441}) 13... Nd3 14. Nxd3 cxd3 15. Qxd3 dxe4 (15... c6 16. exd5 $16) 16.
Nxe4 Nxe4 (16... Be6 17. Nxf6+ Bxf6 18. Bc6+ $1 Kf8 19. Qc2 $44) 17. Qxe4 (17.
Bxe4 Bh3 18. Qf3 Bxf1 19. Bc6+ Kf8 20. Bxa8 Bc4 $13) 17... Rb8 (17... O-O $5
18. Qxa8 Qxa8 19. Bxa8 Rxa8 $14) 18. Bf4 $5 (18. Re1 Rb6 19. Bf4 Re6 20. Qb7
O-O 21. Bxc7 (21. Rxe6 Bxe6 22. Qxa6 Bc4) 21... Qc8 $11) 18... O-O 19. Rfd1 Bd6
$2 (19... Bf6 20. Qc2 $16 (20. Rac1 $5)) (19... Re8 $1 20. Qc2 Bd6 21. Bxd6
cxd6 22. Rxd6 Rb6 23. Rd4 $14) 20. Bxd6 cxd6 21. Rxd6 Rb6 $2 (21... Qc8 22. Qf4
$16) 22. Rd2 $1 $18 Re8 23. Qd5 Re7 24. Bh3 1-0

[Event "Tel Aviv Last Autumn"]
[Site "Tel Aviv"]
[Date "2002.11.01"]
[Round "1"]
[White "Gerzhoy, Leonid"]
[Black "Kaganskiy, Gleb"]
[Result "1-0"]
[WhiteElo "2389"]
[BlackElo "2315"]
[Annotator "Gofshtein,L"]
[PlyCount "57"]
[EventDate "2002.11.01"]
[EventType "tourn"]
[EventRounds "9"]
[EventCountry "ISR"]
[EventCategory "8"]
[SourceTitle "CBM 092"]
[Source "ChessBase"]
[SourceDate "2003.02.06"]
[SourceVersion "1"]
[SourceVersionDate "2003.02.06"]
[SourceQuality "1"]

1. d4 d5 2. c4 e6 3. Nf3 Nf6 4. g3 dxc4 5. Bg2 b5 6. a4 c6 7. Ne5 Nd5 8. O-O
Bb7 9. e4 Nf6 10. Nc3 $5 {This move looks stronger than 10.d5 as it was shown
in the game below;} (10. d5 Bd6 $5 (10... cxd5 11. exd5 Nxd5 12. axb5 Be7 13.
Nxc4 $14 {1-0 Vladimirov,E-Gedevanishvili,D/Daugavpils 1978/MCD (42)}) 11. dxc6
Nxc6 12. Nxc6 Bxc6 13. axb5 Bxe4 14. Bxe4 Nxe4 15. Qd4 Nf6 $15) 10... a6 11. d5
$5 {Deserv attention also 11.ab cb 12.d5} (11. axb5 cxb5 12. d5 Nbd7 (12...
exd5 13. exd5 Bd6 14. Nc6 $44) 13. Nxd7 Nxd7 14. e5 Nxe5 15. Qh5 Bd6 16. Bf4 g6
17. Qh6 Bf8 18. Qh3 Nd3 19. Rae1 $44 {1-0 Hernandez,G-Mitkov,N/Santiago 1990/
EXT 97 (45)}) 11... cxd5 (11... Be7 12. dxe6 fxe6 13. Qe2 Bc5 (13... Qd4 14.
Bf4 Qc5 15. Nf3 Qh5 16. Nd4 Qxe2 17. Ncxe2 $44 {1-0 Kozlov,V-Gedevanishvili,D/
Daugavpils 1978/MCD (34)}) 14. Bg5 (14. Be3 Bxe3 15. Qxe3 O-O 16. Rfd1 Qc7 17.
f4 $44 {1-0 Van der Heijden,T-Radziejewski,D/Groningen 1979/EXT 2001 (40)})
14... Qc7 15. Nxc4 e5 16. Bxf6 gxf6 17. Ne3 $36 {1-0 Dyachkov,S-Pelletier,Y/
Halle 1995/CBM 48 ext (26)}) 12. exd5 Nxd5 13. Nxd5 Bxd5 14. axb5 Bc5 15. Be3
$146 (15. bxa6 O-O 16. Nxc4 Bxg2 17. Kxg2 Rxa6 18. Qxd8 Rxd8 $11 {1/2-1/2
Sosonko,G-Chen,T/Buenos Aires 1978/EXT 2000 (24)}) 15... Bxe3 16. fxe3 Bxg2 $6
{After this dubious move white has an initiative. Simply 16...0-0 would lead
to a good position for black.} (16... O-O $5 17. e4 Qb6+ 18. Rf2 f6 19. exd5
fxe5 $132) 17. Qxd8+ Kxd8 18. Kxg2 $36 Rf8 19. b6 $5 {19.bxa6 deserves
attention as well with clear advantage;} (19. bxa6 $5 Rxa6 20. Rxa6 Nxa6 21.
Nxf7+ Ke7 22. Ne5 Rc8 23. Rc1 $16) 19... Ke7 20. Rac1 f5 (20... f6 21. Rxc4
fxe5 22. Rxf8 Kxf8 23. Rc8+ Kf7 24. b7 Ra7 25. Rxb8 Kg6 26. Kf3 $18) 21. Rxc4
Kd6 (21... Kf6 22. Ng4+ Kg6 23. Rc7 $16) 22. Nf3 $18 Re8 23. Rc7 e5 24. Ng5 e4
25. Rd1+ Ke5 26. Nf7+ Kf6 27. Rd6+ Re6 28. Rxe6+ Kxe6 29. Ra7 1-0